000 00382nam a22001577a 4500
003 MPLRDC
005 20220104163434.0
008 210129b ||||| |||| 00| 0 eng d
082 _a870.57 CAR c.2
100 _aJOHN STEWART CARTER
245 _aFULL FATHOM FIVE
_c
260 _a
_bHOUGHTON MIFFLIN CO.
_c1965
300 _b
650 _aFICTION
942 _cBK
_o870.57 CAR c.2
999 _c56459
_d56449